Top 5 największych miast z każdego województwa. - Statystyki

Ogólne statystyki
  • Ten quiz został rozwiązany 83 razy
  • Średni wynik to 59 z 80
Statystyki odpowiedzi
populacja województwo miasto % Poprawnych
673 531 dolnośląskie Wrocław
95%
328 370 kujawsko-pomorskie Bydgoszcz
92%
806 201 małopolskie Kraków
90%
658 444 łódzkie Łódź
90%
329 565 lubelskie Lublin
90%
195 263 kujawsko-pomorskie Toruń
89%
139 132 lubuskie Zielona Góra
89%
291 688 podlaskie Białystok
87%
487 834 pomorskie Gdańsk
87%
74 636 dolnośląskie Jelenia Góra
87%
80 358 małopolskie Nowy Sącz
87%
197 268 podkarpackie Rzeszów
87%
1 861 599 mazowieckie Warszawa
87%
205 969 śląskie Częstochowa
85%
240 554 pomorskie Gdynia
85%
115 847 lubuskie Gorzów Wielkopolski
85%
279 190 śląskie Katowice
85%
126 077 opolskie Opole
85%
99 463 dolnośląskie Wałbrzych
85%
112 923 warmińsko-mazurskie Elbląg
84%
67 745 kujawsko-pomorskie Inowrocław
84%
167 311 warmińsko-mazurskie Olsztyn
84%
111 190 mazowieckie Płock
84%
196 005 mazowieckie Radom
84%
68 231 podlaskie Suwałki
84%
387 700 zachodniopomorskie Szczecin
84%
103 129 małopolskie Tarnów
84%
183 885 świętokrzyskie Kielce
82%
536 818 wielkopolskie Poznań
82%
187 115 śląskie Sosnowiec
82%
58 231 lubelskie Zamość
82%
169 915 śląskie Gliwice
81%
43 364 zachodniopomorskie Kołobrzeg
81%
91 335 dolnośląskie Legnica
81%
101 450 kujawsko-pomorskie Włocławek
81%
57 214 lubelskie Chełm
79%
67 264 łódzkie Piotrków Trybunalski
79%
85 135 pomorskie Słupsk
79%
89 081 kujawsko-pomorskie Grudziądz
77%
105 143 zachodniopomorskie Koszalin
77%
67 155 dolnośląskie Lubin
77%
56 050 podkarpackie Przemyśl
77%
165 766 śląskie Bielsko-Biała
76%
59 759 warmińsko-mazurskie Ełk
76%
92 533 wielkopolskie Kalisz
74%
59 711 podlaskie Łomża
74%
62 980 świętokrzyskie Ostrowiec Świętokrzyski
74%
54 453 lubelskie Biała Podlaska
73%
66 606 wielkopolskie Konin
73%
69 748 wielkopolskie Piła
71%
75 297 mazowieckie Siedlce
71%
44 060 podkarpackie Krosno
69%
56 972 podkarpackie Mielec
69%
38 728 zachodniopomorskie Świnoujście
69%
54 387 opolskie Kędzierzyn-Koźle
68%
43 860 lubelskie Puławy
68%
56 676 pomorskie Tczew
66%
40 685 opolskie Nysa
65%
65 461 mazowieckie Pruszków
65%
66 272 zachodniopomorskie Stargard
65%
61 353 łódzkie Pabianice
63%
53 585 pomorskie Rumia
63%
54 012 łódzkie Zgierz
63%
21 586 świętokrzyskie Sandomierz
61%
55 127 podkarpackie Stalowa Wola
61%
28 995 podlaskie Augustów
60%
44 992 świętokrzyskie Starachowice
58%
35 577 małopolskie Oświęcim
56%
41 793 świętokrzyskie Skarżysko-Kamienna
56%
68 949 wielkopolskie Ostrów Wielkopolski
55%
35 033 lubuskie Żary
53%
33 403 opolskie Brzeg
52%
22 033 opolskie Kluczbork
52%
58 089 łódzkie Tomaszów Mazowiecki
50%
23 596 lubuskie Żagań
48%
32 188 warmińsko-mazurskie Iława
47%
36 183 lubuskie Nowa Sól
47%
23 823 podlaskie Bielsk Podlaski
40%
33 928 małopolskie Chrzanów
39%
31 336 warmińsko-mazurskie Ostróda
32%
Nie znaleziono quizów pasujących do podanych kryteriów
Rozkład punktacji
Procent ludzi z każdym wynikiem
Percentyl według liczby udzielonych odpowiedzi
Twoja historia wyników
Nie rozwiązałeś tego quizu